The Americas Geography by Letter - Q, X, Y, and Z - Statistics

General Stats
  • This quiz has been taken 289 times
    220 since last reset
  • The average score is 14 of 20
Answer Stats
Letter Clue Answer % Correct
Q French-speaking province of Canada Quebec
100%
Q New York City borough Queens
97%
Q Capital of Ecuador Quito
94%
Y First national park in the United States and as well as the world Yellowstone
94%
Y Mexican peninsula known for a prehistorical meteor impact Yucatán
91%
Y Notable University that is located in New Haven, Connecticut Yale
90%
Y Informal term for a person from the United States, especially the northeast Yankee
88%
Y Far northwest Canadian territory and the name of the longest river in Alaska Yukon
87%
Y National Park where you would find Half Dome Yosemite
85%
Q Religious group that founded Pennsylvania Quakers
82%
Z Exercise fitness program created in Colombia Zumba
78%
Z National park in Utah with namesake of a hill in the Middle East Zion
73%
Q City in Massachusetts that was the birthplace of two Presidents named Adams Quincy
68%
Q Currency of Guatemala that is named for a green bird Quetzal
65%
Y Take the 3:10 train to this Arizona town Yuma
55%
Q Indigenous language of Peru, historically used in the Inca Empire Quechua
51%
Z Popular Californian grape varietal Zinfandel
35%
Z Musical genre of Louisiana Zydeco
35%
X Ohio city or ancient Greek word for hospitality Xenia
34%
X Tributary of the Amazon nearly 5x as long as any river in the UK Xingu River
17%
No matching quizzes found
Score Distribution
Percent of People with Each Score
Percentile by Number Answered
Your Score History
You have not taken this quiz since the last reset